Combrige Companion to Levi-Strauss (Record no. 13589)

MARC details
000 -LEADER
fixed length control field 00610nam a2200241 a 4500
020 ## - INTERNATIONAL STANDARD BOOK NUMBER
ISBN 9780521608671
082 00 - DEWEY DECIMAL CLASSIFICATION NUMBER
Classification number 301
Author Cutter WIS
100 ## - MAIN ENTRY--AUTHOR NAME
Author name Wiseman, Broris
245 ## - TITLE STATEMENT
Title Combrige Companion to Levi-Strauss
260 ## - PUBLICATION, DISTRIBUTION, ETC. (IMPRINT)
Place of publication Cambridge
Name of publisher Cambridge University Press
Year of publication 2009
300 ## - PHYSICAL DESCRIPTION
Number of Pages 337p
500 ## - GENERAL NOTE
General note includes index and biblioraphy
650 ## - SUBJECT ADDED ENTRY--TOPICAL TERM
Topical Term Anthropology
650 ## - SUBJECT ADDED ENTRY--TOPICAL TERM
Topical Term Levi-Strass
942 ## - ADDED ENTRY ELEMENTS (KOHA)
Koha item type Books
700 1# -
-- Wiseman, Broris
Holdings
Collection code Home library Current library Date acquired Cost, normal purchase price Full call number Accession Number Koha item type
  Henry Martyn Institute Library Henry Martyn Institute Library 01/11/2010 1600.00 301 WIS 023066 Books
                   Copyright © 2026 | Henry Martyn Institute | Hyderabad | TS-500052 | INDIA | Implemented by hmi.edu.in
Hit-Count:

Powered by Koha